Gaming Quiz

Random Gaming or Disney Quiz
Score 0/82 Timer 10:00
0 Plays Today
Speaker Word % Correct
SoraRiku...
100%
RikuThe
99.1%
RikuThe
99.1%
Rikuthe
99.1%
Rikuthe
99.1%
SoraI
98.2%
Sorayou!
97.2%
SoraWhat?
97.2%
Rikuwe
97.2%
Rikugo
97.2%
SoraWhat
97.2%
Sorayou
97.2%
Rikuwe
97.2%
Rikuwe
97.2%
RikuWe
97.2%
Rikuno
97.2%
RikuWe
97.2%
Rikudarkness!
97.2%
RikuSora!
96.3%
Rikuworld!
96.3%
SoraWhere's
95.4%
SoraKairi?
95.4%
Rikucan
95.4%
Soraare
95.4%
SoraKairi!
95.4%
Sorawith
94.5%
Rikuwith
94.5%
Sorashe
93.6%
Speaker Word % Correct
Sorawas
93.6%
Rikuto
93.6%
Soratalking
93.6%
Soraabout?
93.6%
Rikuto
93.6%
Rikuof
93.6%
Sorathought
92.7%
Rikuhas
92.7%
Rikuhas
92.7%
RikuNow
91.7%
Rikudoor
90.8%
Rikuopened...
90.8%
Rikudoor
90.8%
Rikuopened,
90.8%
Sorafind
89.9%
Rikuour
89.9%
Rikuour
89.9%
Rikunot
89%
Rikunever
89%
Rikusee
89%
RikuI'm
89%
Rikunot
89%
Rikube
88.1%
Rikuagain.
88.1%
Rikube
88.1%
Rikuus!
87.2%
Rikumay
87.2%
Rikumay
87.2%
Speaker Word % Correct
Rikuus!
87.2%
Rikuafraid
87.2%
Rikuoutside
86.2%
Soragotta
85.3%
Rikucoming
84.4%
SoraWe've
83.5%
RikuKairi's
83.5%
Rikucome
83.5%
Rikuparents
82.6%
Rikuthis
81.7%
Rikuback.
79.8%
Rikuback.
79.8%
Rikulet
78.9%
Rikuchance.
75.2%
Rikucan't
75.2%
RikuThere's
74.3%
Rikuonly
73.4%
Rikuable
72.5%
Rikuturning
72.5%
Rikufear
72.5%
Rikustop
72.5%
RikuBut
69.7%
Rikumight
66.1%
Rikuthrough,
64.2%
RikuOnce
63.3%
Rikustep
58.7%

You're not logged in!

Compare scores with friends on all Sporcle quizzes.
OR
Log In

Sporcle TV

Today on Sporcle TV


Watch our educational content, quiz creation guides, and fun videos on Sporcle TV.

Show Comments

Extras

Top Quizzes Today


Score Distribution

Paid Content

Your Account Isn't Verified!

In order to create a playlist on Sporcle, you need to verify the email address you used during registration. Go to your Sporcle Settings to finish the process.

Report this User

Report this user for behavior that violates our Community Guidelines.

Details: